[Event "Barcelona La Lira op-B 11th"]
[Site "Barcelona"]
[Date "2008.07.20"]
[Round "2.3"]
[White "Gomez Avenza, Javier"]
[Black "Palau de Belza, Jordi"]
[Result "1/2-1/2"]
[WhiteElo "2004"]
[BlackElo "1906"]
[PlyCount "60"]
[EventDate "2008.07.19"]
[EventType "tourn"]
[EventRounds "9"]
[EventCountry "ESP"]
[SourceTitle "EXT 2024"]
[Source "ChessBase"]
[SourceDate "2023.10.10"]
[SourceVersion "1"]
[SourceVersionDate "2023.10.10"]
[SourceQuality "1"]

1. Nf3 Nf6 2. g3 d5 3. Bg2 e6 4. 0-0 c5 5. d4 cxd4 6. Nxd4 Nc6 7. Nxc6 bxc6 8. c4 Be7 9. Qc2 0-0 10. b3 Bb7 11. Bb2 Qb6 12. e3 dxc4 13. bxc4 c5 14. Bxb7 Qxb7 15. Nd2 Rfd8 16. Rab1 Qc6 17. Rfd1 Rd7 18. Bxf6 Bxf6 19. Ne4 Be7 20. Rxd7 Qxd7 21. Qb3 f5 22. Qb7 Rd8 23. Nc3 Bf6 24. Qxd7 Rxd7 25. Na4 Be7 26. Rb8+ Kf7 27. Rc8 Rd2 28. Nxc5 Bxc5 29. Rxc5 Rxa2 30. Rc7+ Kf6 1/2-1/2

[Event "Barcelona La Lira op-B 11th"]
[Site "Barcelona"]
[Date "2008.07.19"]
[Round "1.4"]
[White "Palau de Belza, Jordi"]
[Black "Montalban Colell, Bernat"]
[Result "0-1"]
[WhiteElo "1906"]
[BlackElo "1960"]
[PlyCount "78"]
[EventDate "2008.07.19"]
[EventType "tourn"]
[EventRounds "9"]
[EventCountry "ESP"]
[SourceTitle "EXT 2024"]
[Source "ChessBase"]
[SourceDate "2023.10.10"]
[SourceVersion "1"]
[SourceVersionDate "2023.10.10"]
[SourceQuality "1"]

1. e4 e6 2. d4 d5 3. Nd2 Nf6 4. e5 Nfd7 5. c3 c5 6. Bd3 Nc6 7. Ne2 Qb6 8. Nf3 cxd4 9. cxd4 f6 10. exf6 Nxf6 11. 0-0 Bd6 12. a3 0-0 13. Qc2 e5 14. dxe5 Nxe5 15. Nxe5 Bxe5 16. Rb1 Ng4 17. Ng3 Nxf2 18. Rxf2 Rxf2 19. Be3 Qxe3 20. Bxh7+ Kh8 21. Qxf2 Qxf2+ 22. Kxf2 Kxh7 23. Ne2 Bd7 24. Rd1 Rf8+ 25. Ke3 Bc6 26. Nd4 Bxd4+ 27. Rxd4 Re8+ 28. Kf2 Re4 29. Rd2 a5 30. h3 d4 31. g3 Kg6 32. Rc2 d3 33. Rd2 Re2+ 34. Rxe2 dxe2 35. Kxe2 Bg2 36. h4 Kf5 37. Kf2 Bc6 38. b4 axb4 39. axb4 Kg4 0-1

[Event "Llobregat op 1st"]
[Site "Llobregat"]
[Date "2007.12.30"]
[Round "5"]
[White "Martinez Hernandez, Emili"]
[Black "Palau de Belza, Jordi"]
[Result "1-0"]
[WhiteElo "1914"]
[BlackElo "1722"]
[PlyCount "51"]
[EventDate "2007.12.26"]
[EventType "swiss"]
[EventRounds "9"]
[EventCountry "ESP"]
[SourceTitle "CBM 122 Extra"]
[Source "ChessBase"]
[SourceDate "2008.03.04"]
[SourceVersion "1"]
[SourceVersionDate "2008.03.04"]
[SourceQuality "1"]

1. d4 d5 2. c4 e6 3. Nc3 Nf6 4. cxd5 exd5 5. Bg5 Be7 6. e3 0-0 7. Bd3 h6 8. h4 b6 9. Bxf6 Bxf6 10. Qh5 Ba6 11. Bc2 Bb7 12. g4 c5 13. Nge2 cxd4 14. exd4 Re8 15. 0-0-0 Na6 16. g5 hxg5 17. Qh7+ Kf8 18. hxg5 Bxg5+ 19. f4 Bh6 20. Kb1 Re3 21. Rdg1 Qf6 22. Rh5 Nb4 23. Bb3 Qe6 24. a3 Nd3 25. Nxd5 Rxe2 26. Qh8# 1-0